000 00443pab a2200169 454500
008 180718b2011 xxu||||| |||| 00| 0 eng d
100 _aChowdhury, Samik
245 _aFinancial burden of transient morbidity: A case study of slums in Delhi
260 _c2011
300 _ap.59-66.
362 _a13 Aug
650 _aSlums - India - Delhi
650 _aSlums
773 _aEconomic and Political Weekly
908 _aN
909 _a92691
999 _c92691
_d92691